College Quizbowl Stats
College Quizbowl Stats
Circuits
Seasons
Sets
Records
Detailed Stats
About
Loading...
2023 BHSU @ Northwestern
Tossups
Bonuses
Players
Teams
Categories (Tossup)
Categories (Bonus)
Jerry Vinokurov
Brownstein et al.
Categories
Category
Powers
Gets
Negs
BBs
Points
Earliest Buzz
Avg. Buzz
First Buzzes
Top 3 Buzzes
BPA
PVF
BB
0
2
0
1
20
110
116.00
0
2
0.00
0.00
AW>
0
1
0
0
10
85
85.00
0
0
0.00
0.00
TR
0
1
0
0
10
81
81.00
0
0
0.00
0.00
RC
0
0
1
0
-5
0.00
0
0
0.00
0.00
Buzzes
Category
Answer
Value
Buzz Position
TR
Federal Election Commission
10
81
AW>
can openers
10
85
BB
fluid velocity
10
110
RC
“Little Red Riding Hood” or “Little Red Cap”
-5
113
BB
maximum wavelength of absorption
0
121
BB
coexistence
10
122
Previous
1
Next